000 00582nam a22001937a 4500
005 20251108164719.0
008 250721s1993 xx 000 0 ara d
082 1 4 _a811.90962/عمر
100 1 _aشرف الدين، عمر
245 1 0 _aالدكتور كمال إسماعيل إنسانا و شاعرا /
264 1 _aالقاهرة :
_bمكتبة الخانجي،
_c1993.
300 _a259ص
650 1 7 _aالشعر العربي
650 1 7 _aالتاريخ الأدبي
650 1 7 _aالنقد الأدبي
650 1 7 _aمصر
942 _2ddc
_cBK
999 _c12523
_d12523